00576nam a2200181 u 450000100100000000500170001000800410002704000250006808200170009310000250011024500260013526000680016130000270022949000390025650400350029583000470033099900170037700002071020200930011141.0100813s1996 dr a r 001 0 spa d aDO-SdBNPbspacBPJMD axxxxxbO 4951 aOlivo, Emilio94345400aAgricultura de patio. aSanto Domingo :bFundación de Desarrollo agropecuario,c1996. a28 p. :bil. ;c28 cm.1 aGuía técnicavno. 29acultivos aIncluye bibliografía (p. 28) 0aGuía Técnicasvno. 29pcultivos943455 c20214d20214